Estadísticas para Ciudades con más Hispanos en EEUU

Haz click aquí para intentar la prueba.

Estadísticas generales

  • Esta prueba ha sido intentada 59 veces
  • La puntuación promedio es 7 de 10

Estadísticas de respuestas

#%Población HispanaCiudad% Correcto
128%2.3 millonesNueva York
98%
249%1.8 millonesLos Ángeles
96%
343%920,000Houston
89%
743%537,000Dallas
80%
928%376,000San Diego
80%
527%774,000Chicago
75%
463%839,000San Antonio
64%
880.0%524,000El Paso
58%
641%590,000Phoenix
58%
1032%314,000San José
44%

Distribución de puntuación

Porcentaje por número respondido

Porcentaje de gente con cada puntuación

Historial de tus puntuaciones

No has intentado esta prueba.